| 000 | 00408nam a2200181Ia 4500 | ||
|---|---|---|---|
| 001 | 1975 | ||
| 005 | 20260306143808.0 | ||
| 008 | 260306t1998||||xx |||||||||||||| ||spa|| | ||
| 041 | _aESP | ||
| 082 |
_a158.7 _bS29 |
||
| 100 |
_aSchultz, Diane P. _eAUT |
||
| 245 | 0 | _aPsicologĂa industrial texto impreso | |
| 260 | _c1998 | ||
| 300 |
_a _c |
||
| 650 | _aGEN | ||
| 654 | _aCPS | ||
| 942 |
_cLIB _dJUS _fJUS _2ddc _n |
||
| 999 |
_c1975 _d1975 |
||